Historické, právní a makroekonomické aspekty úpadku firem
Historické súvislosti úpadkového práva v Anglicku a vo Francúzsku. Makroekonomické ukazovatele svetovej ekonomickej krízy na prahu 21. storočia a dopady na úpadok firiem, nie len v USA, ale tiež v Európe. Vybrané ekonomické teórie vo vzťahu k úpadku firiem.
Enregistré dans:
| Auteur principal: | |
|---|---|
| Format: | Chapitre de livre |
| Langue: | tchèque |
| Sujets: | |
| Tags: |
Pas de tags, Soyez le premier à ajouter un tag!
|
MARC
| LEADER | 00000naa a2200000 4500 | ||
|---|---|---|---|
| 001 | 0178289 | ||
| 005 | 20231010070220.3 | ||
| 041 | 0 | |a cze | |
| 044 | |a CZ | ||
| 245 | 1 | 0 | |a Historické, právní a makroekonomické aspekty úpadku firem |c Lubomír Augustín |
| 520 | |a Historické súvislosti úpadkového práva v Anglicku a vo Francúzsku. Makroekonomické ukazovatele svetovej ekonomickej krízy na prahu 21. storočia a dopady na úpadok firiem, nie len v USA, ale tiež v Európe. Vybrané ekonomické teórie vo vzťahu k úpadku firiem. | ||
| 610 | 2 | 0 | |a história |
| 610 | 2 | 0 | |a legislatíva |
| 610 | 2 | 0 | |a ukazovatele makroekonomické |
| 610 | 2 | 0 | |a Veľká Británia |
| 610 | 2 | 0 | |a Francúzsko |
| 610 | 2 | 0 | |a USA |
| 610 | 2 | 0 | |a Európa |
| 610 | 2 | 0 | |a kríza hospodárska |
| 610 | 2 | 0 | |a úpadok podniku |
| 100 | 1 | |a Augustín, Lubomír | |